Radio-television-cable management /
Managing electronic mass media systems. Theories of managing. Principles of managing and the manager's role. Profiles of middle managers. Managing media personnel. Managers and media Audiences. Managing local programming. Managers and national programming...
Guardat en:
| Autor principal: | |
|---|---|
| Altres autors: | |
| Format: | Llibre |
| Idioma: | English |
| Publicat: |
Boston :
McGraw-Hill,
1998.
|
| Edició: | 3rd ed. |
| Matèries: | |
| Etiquetes: |
Afegir etiqueta
Sense etiquetes, Sigues el primer a etiquetar aquest registre!
|
| Thư viện lưu trữ: | Mạng thư viện Đại học Đà Nẵng |
|---|
| LEADER | 01296cam a2200373 i 4500 | ||
|---|---|---|---|
| 001 | 000047757 | ||
| 003 | 7450 | ||
| 005 | 20030326135701.0 | ||
| 008 | 010324|1998 vm 000 eng | ||
| 020 | |a 0697132374 | ||
| 040 | |a IRC |c IRC |d IRC | ||
| 041 | 0 | |a eng | |
| 082 | 1 | 4 | |a 384.54068 |b BR-J |
| 100 | 1 | |a Brown, James A. |q (James Anthony), |d 1932- | |
| 245 | 0 | 0 | |a Radio-television-cable management / |c James A. Brown, Ward L. Quaal. |
| 250 | |a 3rd ed. | ||
| 260 | |a Boston : |b McGraw-Hill, |c 1998. | ||
| 300 | |a xix, 554 p. : |b ill. ; |c 26cm. | ||
| 520 | 3 | |a Managing electronic mass media systems. Theories of managing. Principles of managing and the manager's role. Profiles of middle managers. Managing media personnel. Managers and media Audiences. Managing local programming. Managers and national programming... | |
| 630 | 0 | 4 | |a Radio broadcasting. |
| 630 | 0 | 4 | |a Television broadcasting. |
| 650 | 0 | 4 | |a Radio broadcasting |z United States |x Management. |
| 650 | 0 | 4 | |a Television broadcasting |z United States |x Management. |
| 700 | 1 | |a Quaal, Ward L. | |
| OWN | |a DUT | ||
| 999 | |a From the UDN01 | ||
| TYP | |a Monograph | ||
| TYP | |a Printed language | ||
| 980 | |a Mạng thư viện Đại học Đà Nẵng | ||


